Statystyki dla Quiz o Polsce (Zaktualizowany)

Kliknij tutaj aby rozwiązać quiz!

Ogólne statystyki

  • Ten quiz został rozwiązany 580 razy
  • Średni wynik to 19 z 31

Statystyki odpowiedzi

HintOdpowiedź% Poprawnych
StolicaWarszawa
100%
PrezydentAndrzej Duda
99%
Pełna nazwa krajuRzeczpospolita Polska
94%
PremierMateusz Morawiecki
90%
Liczba województw16
89%
Najdłuższa rzekaWisła
89%
Ludność (w milionach)38
87%
Chrzest Polski (rok)966
87%
Niepodległość (rok)1918
84%
Rządząca partiaPiS
81%
Najwyższy szczytRysy
81%
HymnMazurek Dąbrowskiego
78%
Największe jezioroŚniardwy
76%
Domena internetowapl
75%
Flaga (barwy)Biało czerwona
71%
Najsłynniejszy polski skoczek narciarskiAdam Małysz
66%
Astronom, autor teorii heliocentrycznejMikołaj Kopernik
62%
Jedyny Polak w Formule JedenRobert Kubica
61%
Odkrywca polonu i raduMaria Skłodowska-Curie
61%
Klimat (strefa)Umiarkowany
58%
Najgłębsze jezioroHańcza
54%
Powierzchnia (w tys. km kwadratowych)312
40%
Pierwsza Konstytucja (pełna data)3 maja 1791
37%
Król strzelców Mundialu 1974Grzegorz Lato
36%
Najsłynniejszy park narodowy słynący z występowania żubraBiałowieski Park Narodowy
35%
Polski papieżJan Paweł Drugi
33%
Polski mistrz świata w kolarstwie szosowym (2014)Michał Kwiatkowski
25%
Mistrz olimpijski w skoku o tyczce z Moskwy 1980Władysław Kozakiewicz
17%
Alpinista, drugi zdobywca wszystkich ośmiotysięcznikówJerzy Kukuczka
11%
Marszałek SenatuStanisław Karczewski
9%
Przewodniczący SolidarnościPiotr Duda
8%

Rozkład punktacji

Percentyl według liczby udzielonych odpowiedzi

Procent ludzi z każdym wynikiem

Twoja historia wyników

Nie rozwiązałeś tego quizu